[Event "Budapest FS06 GM"]
[Site "Budapest"]
[Date "2019.06.04"]
[Round "4"]
[White "Assaubayeva, Bibissara"]
[Black "Girish, A Koushnik"]
[Result "0-1"]
[WhiteElo "2399"]
[BlackElo "2444"]
[PlyCount "128"]
[EventDate "2019.06.01"]
[EventType "tourn"]
[EventRounds "9"]
[EventCountry "HUN"]
[SourceTitle "CBM 190 Extra"]
[Source "ChessBase"]
[SourceDate "2019.07.15"]
[SourceVersion "1"]
[SourceVersionDate "2019.07.15"]
[SourceQuality "1"]

1. e4 e5 2. Nf3 Nc6 3. Bb5 a6 4. Ba4 Nge7 5. c3 g6 6. d4 exd4 7. cxd4 b5 8. Bb3
Bg7 9. Nc3 O-O 10. O-O d6 11. h3 Na5 12. Bc2 c5 13. Bg5 h6 14. Bf4 Nc4 15. Rb1
cxd4 16. Nxd4 Bb7 17. Nf3 Rc8 18. Bb3 b4 19. Nd5 Nxd5 20. exd5 Qf6 21. Bg3 Nxb2
22. Rxb2 Qxb2 23. Bxd6 Rfd8 24. Be7 Rd7 25. d6 Bf6 26. Ba4 Bc6 27. Bxc6 Rxc6
28. Qa4 Rdxd6 29. Bxd6 Rxd6 30. Re1 Kg7 31. Re8 Qc1+ 32. Kh2 Qc7 33. Kg1 Qc6
34. Qxb4 Rd1+ 35. Re1 Bc3 36. Qxc3+ Qxc3 37. Rxd1 a5 38. a4 g5 39. Rd4 f6 40.
Kh2 h5 41. Rd7+ Kg6 42. Rd4 Qc2 43. Kg1 Qc1+ 44. Kh2 Qf1 45. Rd2 Kf7 46. Rd5
Qxf2 47. Rxa5 g4 48. Ng1 f5 49. Rb5 Kg6 50. a5 f4 51. Rb6+ Kf7 52. Rb7+ Ke6 53.
Rb3 Qa2 54. Rb6+ Ke5 55. hxg4 hxg4 56. Rb5+ Ke4 57. Kh1 Qf7 58. Ne2 Ke3 59. Nc3
Kd3 60. Nd1 g3 61. Kg1 Qe6 62. Nb2+ Ke2 63. Na4 Qe3+ 64. Kh1 Qc1# 0-1

[Event "Budapest FS06 GM"]
[Site "Budapest"]
[Date "2019.06.05"]
[Round "5"]
[White "Girish, A Koushnik"]
[Black "Tiba, Vladyslav"]
[Result "1/2-1/2"]
[WhiteElo "2444"]
[BlackElo "2375"]
[PlyCount "108"]
[EventDate "2019.06.01"]
[EventType "tourn"]
[EventRounds "9"]
[EventCountry "HUN"]
[SourceTitle "CBM 190 Extra"]
[Source "ChessBase"]
[SourceDate "2019.07.15"]
[SourceVersion "1"]
[SourceVersionDate "2019.07.15"]
[SourceQuality "1"]

1. Nf3 Nf6 2. d4 g6 3. g3 Bg7 4. Bg2 O-O 5. O-O d6 6. a4 a5 7. Re1 Nbd7 8. e4
e5 9. Nc3 exd4 10. Nxd4 Re8 11. h3 c6 12. Bf4 Nb6 13. b3 d5 14. Nde2 Qe7 15.
Be3 Ra6 16. exd5 Nbxd5 17. Nxd5 Nxd5 18. Bd4 Bxd4 19. Nxd4 Qxe1+ 20. Qxe1 Rxe1+
21. Rxe1 Nf6 22. g4 h6 23. Nf3 Ra8 24. Ne5 Kg7 25. Nc4 Be6 26. Nd6 Rb8 27. Re5
b6 28. Bxc6 Rd8 29. Nb5 Rd2 30. c4 h5 31. g5 Nd7 32. Bxd7 Bxd7 33. Rd5 Rxd5 34.
cxd5 Bxh3 35. Nc7 Bg4 36. d6 Kf8 37. Nd5 Be6 38. Nxb6 Bxb3 39. Nd7+ Ke8 40. Nc5
Bxa4 41. Nxa4 Kd7 42. Nb6+ Kxd6 43. Nc4+ Ke6 44. Nxa5 Kf5 45. Nc4 Kxg5 46. Ne5
f6 47. Nd7 Kf5 48. Kg2 g5 49. Kg3 Kg6 50. Nb6 f5 51. Kf3 h4 52. Nd5 g4+ 53. Kf4
g3 54. fxg3 hxg3 1/2-1/2

[Event "Budapest FS06 GM"]
[Site "Budapest"]
[Date "2019.06.07"]
[Round "6"]
[White "Berczes, David"]
[Black "Girish, A Koushnik"]
[Result "0-1"]
[WhiteElo "2477"]
[BlackElo "2444"]
[PlyCount "116"]
[EventDate "2019.06.01"]
[EventType "tourn"]
[EventRounds "9"]
[EventCountry "HUN"]
[SourceTitle "CBM 190 Extra"]
[Source "ChessBase"]
[SourceDate "2019.07.15"]
[SourceVersion "1"]
[SourceVersionDate "2019.07.15"]
[SourceQuality "1"]

1. Nf3 d5 2. g3 g6 3. d4 Bg7 4. Bg2 c6 5. O-O Nf6 6. Nbd2 O-O 7. c4 a5 8. b3 b5
9. Bb2 Nbd7 10. Ne5 Bb7 11. Nd3 bxc4 12. bxc4 Ba6 13. Rc1 e6 14. Nc5 Nxc5 15.
dxc5 Qe7 16. Be5 Ne8 17. Bxg7 Nxg7 18. Qa4 Rfc8 19. Rfe1 f5 20. e3 Ne8 21. cxd5
cxd5 22. Qxa5 Bf1 23. Qc3 Bxg2 24. Kxg2 Rxa2 25. Kg1 Nf6 26. Ra1 Rxc5 27. Qxc5
Qxc5 28. Rxa2 Kg7 29. Rb1 Kh6 30. h4 Kh5 31. Rab2 Ng4 32. Nf3 e5 33. Rb7 h6 34.
R7b5 Qc2 35. R5b2 Qe4 36. Nh2 d4 37. exd4 Nxh2 38. Kxh2 Qxd4 39. Kg2 e4 40. Kh3
Qd3 41. Rb3 Qe2 42. Kg2 g5 43. hxg5 hxg5 44. R1b2 Qg4 45. Rb1 Qe2 46. R1b2 Qd1
47. Rb1 Qd2 48. R1b2 Qd4 49. Rb5 Kg4 50. R5b4 Qd1 51. R4b3 f4 52. gxf4 gxf4 53.
Kh2 Qe1 54. Rb4 e3 55. fxe3 Qg3+ 56. Kh1 Kh3 57. Re2 Qf3+ 58. Kg1 Qxe2 0-1

[Event "Budapest FS06 GM"]
[Site "Budapest"]
[Date "2019.06.08"]
[Round "7"]
[White "Girish, A Koushnik"]
[Black "Chylewski, Patryk"]
[Result "1-0"]
[WhiteElo "2444"]
[BlackElo "2400"]
[PlyCount "129"]
[EventDate "2019.06.01"]
[EventType "tourn"]
[EventRounds "9"]
[EventCountry "HUN"]
[SourceTitle "CBM 190 Extra"]
[Source "ChessBase"]
[SourceDate "2019.07.15"]
[SourceVersion "1"]
[SourceVersionDate "2019.07.15"]
[SourceQuality "1"]

1. Nf3 Nf6 2. g3 b6 3. Bg2 Bb7 4. c4 c5 5. O-O e6 6. Nc3 Be7 7. Re1 Ne4 8. Nxe4
Bxe4 9. d3 Bb7 10. e4 Nc6 11. d4 cxd4 12. Nxd4 Nxd4 13. Qxd4 O-O 14. Bf4 Bc5
15. Qd2 Qe7 16. a3 e5 17. Be3 Rfc8 18. Rac1 a5 19. Red1 Bc6 20. Rc3 Rc7 21. h4
h6 22. Qe2 Rac8 23. Bh3 Ba4 24. b3 Bc6 25. a4 Qf6 26. f3 Rb8 27. Kg2 Rbb7 28.
Rcd3 Qe7 29. h5 Ra7 30. Bf5 Qf6 31. Qe1 Kf8 32. Qh1 Ke7 33. Qh3 Bxe3 34. Rxe3
Qg5 35. Red3 g6 36. Bg4 Kf8 37. Rd6 Ke7 38. hxg6 fxg6 39. Qh4 Kf7 40. Kf2 Kg7
41. Qxg5 hxg5 42. Ke3 Kf7 43. R1d2 Rab7 44. Rh2 Kg7 45. Bf5 gxf5 46. exf5 Kf7
47. Rh7+ Kg8 48. Rhh6 Kf7 49. f6 Ra7 50. Rh7+ Kf8 51. f7 Ra8 52. Rxc6 Rxc6 53.
Rh8+ Kxf7 54. Rxa8 d5 55. cxd5 Rc3+ 56. Ke4 Rxb3 57. g4 Ra3 58. Rb8 Rxa4+ 59.
Kxe5 Ke7 60. d6+ Kd7 61. Rb7+ Kc8 62. d7+ Kd8 63. Ke6 Rd4 64. Rb8+ Kc7 65. Rc8+
1-0

[Event "Budapest FS06 GM"]
[Site "Budapest"]
[Date "2019.06.11"]
[Round "9"]
[White "Girish, A Koushnik"]
[Black "Galyas, Miklos"]
[Result "1/2-1/2"]
[WhiteElo "2444"]
[BlackElo "2473"]
[PlyCount "65"]
[EventDate "2019.06.01"]
[EventType "tourn"]
[EventRounds "9"]
[EventCountry "HUN"]
[SourceTitle "CBM 190 Extra"]
[Source "ChessBase"]
[SourceDate "2019.07.15"]
[SourceVersion "1"]
[SourceVersionDate "2019.07.15"]
[SourceQuality "1"]

1. d4 d5 2. c4 c6 3. Nf3 Nf6 4. Nc3 a6 5. a4 e6 6. Bg5 a5 7. e3 Be7 8. Bd3 Na6
9. Rc1 Nb4 10. Bb1 O-O 11. O-O b6 12. cxd5 cxd5 13. Ne5 Nd7 14. Bxe7 Qxe7 15.
f4 Nxe5 16. fxe5 Ba6 17. Rf3 f5 18. exf6 Rxf6 19. Nb5 Bxb5 20. axb5 Raf8 21.
Rg3 e5 22. dxe5 Qxe5 23. b3 g6 24. Qd4 Qxd4 25. exd4 Rf4 26. Bxg6 hxg6 27.
Rxg6+ Kh7 28. Rxb6 Nc2 29. Rb7+ Kh6 30. h3 Rf2 31. b6 Rd2 32. Rc7 Rff2 33.
R7xc2 1/2-1/2

[Event "Balaton GM 37th"]
[Site "Balatonlelle"]
[Date "2019.06.11"]
[Round "1"]
[White "Girish, A Koushnik"]
[Black "Krstulovic, Alex"]
[Result "1-0"]
[WhiteElo "2444"]
[BlackElo "2368"]
[PlyCount "73"]
[EventDate "2019.06.11"]
[EventType "tourn"]
[EventRounds "9"]
[EventCountry "HUN"]
[EventCategory "7"]
[SourceTitle "CBM 191 Extra"]
[Source "ChessBase"]
[SourceDate "2019.09.30"]
[SourceVersion "1"]
[SourceVersionDate "2019.09.30"]
[SourceQuality "1"]

1. Nf3 d5 2. c4 d4 3. g3 c5 4. Bg2 Nc6 5. O-O e5 6. d3 Nf6 7. e3 Be7 8. Re1 O-O
9. exd4 exd4 10. Na3 h6 11. Nc2 a5 12. h3 Bd6 13. Na3 Be6 14. Nb5 Bb8 15. b3
Qc8 16. Kh2 Na7 17. a4 Nxb5 18. axb5 Bd6 19. Ra2 Qc7 20. Nh4 Rae8 21. Bd2 b6
22. Bc6 Bd7 23. Bxd7 Qxd7 24. Qf3 Rxe1 25. Bxe1 Re8 26. Bd2 Qe6 27. Kg2 Nd7 28.
Ra1 Ne5 29. Qe4 Nd7 30. Qc6 Ne5 31. Qe4 Nd7 32. Qb7 Ne5 33. Re1 g5 34. Nf3 Qf6
35. Nxe5 Bxe5 36. f4 gxf4 37. Bxf4 1-0

[Event "Balaton GM 37th"]
[Site "Balatonlelle"]
[Date "2019.06.12"]
[Round "2"]
[White "Tejaswini, Sagar"]
[Black "Girish, A Koushnik"]
[Result "0-1"]
[WhiteElo "2246"]
[BlackElo "2444"]
[PlyCount "110"]
[EventDate "2019.06.11"]
[EventType "tourn"]
[EventRounds "9"]
[EventCountry "HUN"]
[EventCategory "7"]
[SourceTitle "CBM 191 Extra"]
[Source "ChessBase"]
[SourceDate "2019.09.30"]
[SourceVersion "1"]
[SourceVersionDate "2019.09.30"]
[SourceQuality "1"]

1. e4 e5 2. Nf3 Nc6 3. Bb5 g6 4. c3 a6 5. Ba4 Bg7 6. d4 exd4 7. cxd4 b5 8. Bb3
Nge7 9. d5 Na5 10. Bd2 c5 11. dxc6 dxc6 12. Bc3 Qxd1+ 13. Bxd1 Bxc3+ 14. Nxc3
c5 15. O-O O-O 16. Bc2 Nac6 17. a4 Rb8 18. axb5 axb5 19. Bd3 c4 20. Be2 Rd8 21.
Rfd1 Rxd1+ 22. Rxd1 Bg4 23. h3 Bxf3 24. gxf3 g5 25. Rd6 Ne5 26. h4 gxh4 27. f4
N5g6 28. f5 Nf4 29. Bf1 h5 30. f3 b4 31. Na2 c3 32. bxc3 b3 33. Nb4 b2 34. Rd1
Nc6 35. Rb1 Nxb4 36. Rxb2 Nc6 37. Rxb8+ Nxb8 38. Kf2 h3 39. Kg3 h2 40. Kxh2 h4
41. Bb5 f6 42. Kg1 Kf7 43. Kf2 Ke7 44. Bf1 Kd6 45. c4 Nd7 46. c5+ Nxc5 47. Bb5
Ke5 48. Bc4 Kd4 49. Bb5 Ncd3+ 50. Kg1 Ke3 51. Bc6 Ne5 52. Bb7 h3 53. Kh1 Kf2
54. Ba8 Kg3 55. Bb7 h2 0-1

[Event "Balaton GM 37th"]
[Site "Balatonlelle"]
[Date "2019.06.13"]
[Round "3"]
[White "Girish, A Koushnik"]
[Black "Varga, Zoltan"]
[Result "1/2-1/2"]
[WhiteElo "2444"]
[BlackElo "2457"]
[PlyCount "91"]
[EventDate "2019.06.11"]
[EventType "tourn"]
[EventRounds "9"]
[EventCountry "HUN"]
[EventCategory "7"]
[SourceTitle "CBM 191 Extra"]
[Source "ChessBase"]
[SourceDate "2019.09.30"]
[SourceVersion "1"]
[SourceVersionDate "2019.09.30"]
[SourceQuality "1"]

1. Nf3 d5 2. g3 c6 3. Bg2 Nf6 4. O-O Bg4 5. d3 Nbd7 6. Nbd2 e5 7. e4 dxe4 8.
dxe4 Bc5 9. h3 Bh5 10. Qe1 O-O 11. Nh4 Re8 12. Nf5 b5 13. Nb3 Bb6 14. a4 a6 15.
Be3 Bg6 16. Nd6 Re6 17. Nb7 Qf8 18. a5 Bd4 19. Bxd4 exd4 20. Nxd4 Ree8 21. Nxc6
Bxe4 22. Qb4 Bxc6 23. Qxf8+ Nxf8 24. Bxc6 Rec8 25. Bg2 Rxc2 26. b4 Ra7 27. Rfc1
Rb2 28. Rab1 Rxb1 29. Rxb1 Ne6 30. Rc1 Kf8 31. Nc5 Nxc5 32. Rxc5 Ke7 33. Rc6
Kd8 34. f4 Nd7 35. Kf2 Nb8 36. Rb6 Kc8 37. Ke3 Rc7 38. Bd5 Rc3+ 39. Kd4 Rxg3
40. Bxf7 Rg1 41. Be6+ Kc7 42. Bd5 Rd1+ 43. Ke4 Rb1 44. Rb7+ Kd6 45. Rb6+ Kc7
46. Rb7+ 1/2-1/2

[Event "Balaton GM 37th"]
[Site "Balatonlelle"]
[Date "2019.06.14"]
[Round "4"]
[White "Girish, A Koushnik"]
[Black "Karttunen, Mika"]
[Result "1/2-1/2"]
[WhiteElo "2444"]
[BlackElo "2463"]
[PlyCount "110"]
[EventDate "2019.06.11"]
[EventType "tourn"]
[EventRounds "9"]
[EventCountry "HUN"]
[EventCategory "7"]
[SourceTitle "CBM 191 Extra"]
[Source "ChessBase"]
[SourceDate "2019.09.30"]
[SourceVersion "1"]
[SourceVersionDate "2019.09.30"]
[SourceQuality "1"]

1. d4 Nf6 2. Nf3 g6 3. c4 Bg7 4. Nc3 O-O 5. e4 d6 6. h3 e5 7. d5 a5 8. Be3 Na6
9. Nd2 Nc5 10. g4 Bd7 11. Be2 c6 12. h4 cxd5 13. cxd5 a4 14. g5 Ne8 15. h5 Qb8
16. Kf1 b5 17. Bg4 Qc8 18. Bxd7 Qxd7 19. Qe2 b4 20. Nd1 Nc7 21. Bxc5 dxc5 22.
Ne3 Nb5 23. Kg2 f6 24. hxg6 hxg6 25. Ndc4 Nd4 26. Qg4 Qxg4+ 27. Nxg4 fxg5 28.
Nh6+ Bxh6 29. Rxh6 Nf3 30. Rxg6+ Kh7 31. Re6 Rf4 32. Re7+ Kg6 33. Nxe5+ Nxe5
34. Re6+ Rf6 35. Rxe5 Raf8 36. Re6 Rxe6 37. dxe6 Rc8 38. Rc1 Kf6 39. Rc4 Kxe6
40. a3 bxa3 41. bxa3 Kd6 42. Kf3 Kc6 43. Rxa4 Kb5 44. Ra7 c4 45. Ke2 c3 46. Kd1
Kc4 47. Kc2 Rf8 48. Ra4+ Kb5 49. Rb4+ Kc5 50. Kb3 Rxf2 51. Rc4+ Kd6 52. Kxc3 g4
53. e5+ Kxe5 54. Rxg4 Kd6 55. Kb4 Kc6 1/2-1/2

[Event "Balaton GM 37th"]
[Site "Balatonlelle"]
[Date "2019.06.15"]
[Round "5"]
[White "Kevlishvili, Robby"]
[Black "Girish, A Koushnik"]
[Result "1-0"]
[WhiteElo "2473"]
[BlackElo "2444"]
[PlyCount "95"]
[EventDate "2019.06.11"]
[EventType "tourn"]
[EventRounds "9"]
[EventCountry "HUN"]
[EventCategory "7"]
[SourceTitle "CBM 191 Extra"]
[Source "ChessBase"]
[SourceDate "2019.09.30"]
[SourceVersion "1"]
[SourceVersionDate "2019.09.30"]
[SourceQuality "1"]

1. e4 e5 2. Nf3 Nc6 3. Bb5 a6 4. Ba4 Nf6 5. O-O b5 6. Bb3 Bc5 7. c3 d6 8. a4
Rb8 9. d4 Bb6 10. a5 Ba7 11. h3 O-O 12. Be3 Ra8 13. Nbd2 h6 14. Re1 Re8 15. Qc2
exd4 16. Bxd4 Nxd4 17. cxd4 c5 18. e5 dxe5 19. dxc5 Qc7 20. Rac1 Kf8 21. Nh4
Be6 22. Bxe6 Rxe6 23. Ne4 g6 24. Nf3 Nxe4 25. Qxe4 Rae8 26. Red1 f5 27. Qe3 Kg7
28. Rd5 R8e7 29. Qc3 Kh7 30. Rcd1 e4 31. Nd4 Re5 32. Rxe5 Rxe5 33. Nb3 Bb8 34.
c6 Re7 35. Qf6 Rf7 36. Qe6 Rg7 37. Rd7 Qh2+ 38. Kf1 Be5 39. Nd2 h5 40. Ke2 Kh6
41. Nf1 Qf4 42. Ne3 h4 43. Rd5 Bb8 44. Nxf5+ Kh7 45. Nxg7 Ba7 46. Rh5+ gxh5 47.
Qf5+ Qxf5 48. Nxf5 1-0

[Event "Balaton GM 37th"]
[Site "Balatonlelle"]
[Date "2019.06.16"]
[Round "6"]
[White "Girish, A Koushnik"]
[Black "Czebe, Attila"]
[Result "1-0"]
[WhiteElo "2444"]
[BlackElo "2435"]
[PlyCount "87"]
[EventDate "2019.06.11"]
[EventType "tourn"]
[EventRounds "9"]
[EventCountry "HUN"]
[EventCategory "7"]
[SourceTitle "CBM 191 Extra"]
[Source "ChessBase"]
[SourceDate "2019.09.30"]
[SourceVersion "1"]
[SourceVersionDate "2019.09.30"]
[SourceQuality "1"]

1. Nf3 Nf6 2. c4 b6 3. Nc3 Bb7 4. d4 Ne4 5. Nxe4 Bxe4 6. Nd2 Bg6 7. e4 e6 8.
Bd3 Be7 9. O-O O-O 10. f4 f6 11. f5 exf5 12. exf5 Bf7 13. Qg4 Nc6 14. Nf3 Re8
15. d5 Ne5 16. Nxe5 Bc5+ 17. Kh1 Rxe5 18. Bf4 Qe7 19. Qg3 Bd6 20. a3 a5 21. b4
axb4 22. axb4 Re8 23. Rab1 Qf8 24. Bxe5 Rxe5 25. Qf2 Bxb4 26. Qb2 Bc5 27. Rfe1
Rxe1+ 28. Rxe1 Qd6 29. Be4 Bb4 30. Ra1 Ba5 31. Bf3 Qe7 32. g3 Qc5 33. Kg2 Qf8
34. Qe2 Qc5 35. Bh5 Bxh5 36. Qxh5 Qe3 37. Ra2 Qe4+ 38. Kh3 Bb4 39. Ra8+ Bf8 40.
Qg4 Qd3 41. Rd8 Qf1+ 42. Kh4 Qg2 43. h3 d6 44. Re8 1-0

[Event "Balaton GM 37th"]
[Site "Balatonlelle"]
[Date "2019.06.17"]
[Round "7"]
[White "Aczel, Gergely"]
[Black "Girish, A Koushnik"]
[Result "1/2-1/2"]
[WhiteElo "2539"]
[BlackElo "2444"]
[PlyCount "97"]
[EventDate "2019.06.11"]
[EventType "tourn"]
[EventRounds "9"]
[EventCountry "HUN"]
[EventCategory "7"]
[SourceTitle "CBM 191 Extra"]
[Source "ChessBase"]
[SourceDate "2019.09.30"]
[SourceVersion "1"]
[SourceVersionDate "2019.09.30"]
[SourceQuality "1"]

1. d4 Nf6 2. c4 e6 3. Nc3 Bb4 4. Qb3 c5 5. dxc5 Nc6 6. Nf3 Ne4 7. Bd2 Nxd2 8.
Nxd2 Bxc5 9. g3 b6 10. Bg2 Bb7 11. O-O O-O 12. Rac1 f5 13. Qd1 Rb8 14. Nb3 Ne5
15. Nxc5 bxc5 16. b3 Bxg2 17. Kxg2 Qb6 18. Qd2 Qc6+ 19. f3 Rbd8 20. Rcd1 d6 21.
Qe3 a6 22. Kg1 Rfe8 23. f4 Ng4 24. Qf3 Qxf3 25. Rxf3 d5 26. cxd5 exd5 27. Rxd5
Rxd5 28. Nxd5 Rxe2 29. h3 Nf6 30. Nxf6+ gxf6 31. Rf2 Rxf2 32. Kxf2 Kf7 33. Ke3
Ke6 34. g4 h6 35. gxf5+ Kxf5 36. Kf3 h5 37. Ke3 Ke6 38. Ke4 f5+ 39. Kd3 Kd5 40.
h4 Kd6 41. Kc4 Kc6 42. a3 Kd6 43. Kd3 Kd5 44. b4 Kd6 45. Kc4 cxb4 46. axb4 Kc6
47. Kc3 Kc7 48. Kb3 Kd6 49. Kc4 1/2-1/2

[Event "Balaton GM 37th"]
[Site "Balatonlelle"]
[Date "2019.06.18"]
[Round "8"]
[White "Girish, A Koushnik"]
[Black "Prraneeth, Vuppala"]
[Result "1-0"]
[WhiteElo "2444"]
[BlackElo "2264"]
[PlyCount "95"]
[EventDate "2019.06.11"]
[EventType "tourn"]
[EventRounds "9"]
[EventCountry "HUN"]
[EventCategory "7"]
[SourceTitle "CBM 191 Extra"]
[Source "ChessBase"]
[SourceDate "2019.09.30"]
[SourceVersion "1"]
[SourceVersionDate "2019.09.30"]
[SourceQuality "1"]

1. c4 e5 2. g3 c6 3. Nf3 e4 4. Nd4 Qb6 5. Nb3 Nf6 6. Bg2 a5 7. a4 d5 8. cxd5
cxd5 9. Nc3 Bb4 10. O-O O-O 11. d3 Rd8 12. Nb5 Na6 13. Be3 Qe6 14. dxe4 Nxe4
15. Qd3 Bd7 16. Rfd1 Bc6 17. Rac1 Qe8 18. Bb6 Rdc8 19. Bh3 Rcb8 20. N3d4 Bc5
21. Nc7 Nxc7 22. Bxc7 Bxa4 23. Rf1 b6 24. Bxb8 Rxb8 25. e3 g6 26. b3 Bd7 27.
Bxd7 Qxd7 28. Ne2 Rd8 29. Rcd1 Ng5 30. Nc3 Nf3+ 31. Kg2 Nh4+ 32. Kh1 Qh3 33.
Rg1 Nf3 34. Rg2 Ne5 35. Qe2 Qe6 36. Nb5 Nc6 37. Qf3 Nb4 38. Rgg1 h5 39. Rd2 Rc8
40. Rgd1 Qe8 41. Nc3 Bxe3 42. Nxd5 Nxd5 43. Rxd5 Bc5 44. Kg2 Qe6 45. Rd8+ Rxd8
46. Rxd8+ Kg7 47. Qc3+ Qf6 48. Rg8+ 1-0

[Event "Balaton GM 37th"]
[Site "Balatonlelle"]
[Date "2019.06.19"]
[Round "9"]
[White "Torma, Robert"]
[Black "Girish, A Koushnik"]
[Result "1/2-1/2"]
[WhiteElo "2439"]
[BlackElo "2444"]
[PlyCount "20"]
[EventDate "2019.06.11"]
[EventType "tourn"]
[EventRounds "9"]
[EventCountry "HUN"]
[EventCategory "7"]
[SourceTitle "CBM 191 Extra"]
[Source "ChessBase"]
[SourceDate "2019.09.30"]
[SourceVersion "1"]
[SourceVersionDate "2019.09.30"]
[SourceQuality "1"]

1. d4 Nf6 2. c4 e6 3. Nc3 Bb4 4. Nf3 d5 5. Bg5 h6 6. Bxf6 Qxf6 7. Qa4+ Nc6 8.
e3 O-O 9. Be2 dxc4 10. Bxc4 Bd7 1/2-1/2